Oriental stories as tools in psychotherapy/ (Record no. 32387)

000 -LEADER
fixed length control field 00375nam a22001451a 4500
020 ## - INTERNATIONAL STANDARD BOOK NUMBER
ISBN 9788120710719
082 ## - DEWEY DECIMAL CLASSIFICATION NUMBER
Classification number 616.811 4
Item number NOS/O
100 ## - MAIN ENTRY--AUTHOR NAME
Personal name Nossrat Paseschkin
245 ## - TITLE STATEMENT
Title Oriental stories as tools in psychotherapy/
Statement of responsibility, etc by Nossrat Paseschkin
260 ## - PUBLICATION, DISTRIBUTION, ETC. (IMPRINT)
Place of publication New Delhi:
Name of publisher Sterling,
Year of publication 1992.
300 ## - PHYSICAL DESCRIPTION
Number of Pages 168
650 ## - SUBJECT ADDED ENTRY--TOPICAL TERM
Topical Term Psychotherapy
650 ## - SUBJECT ADDED ENTRY--TOPICAL TERM
Topical Term Medicine
942 ## - ADDED ENTRY ELEMENTS (KOHA)
Koha item type Book
Holdings
Withdrawn status Lost status Damaged status Not for loan Permanent Location Current Location Date acquired Cost, normal purchase price Full call number Accession Number Cost, replacement price Price effective from Koha item type
        Sree Sankaracharya University of Sanskrit Sree Sankaracharya University of Sanskrit 08.01.2015 95.00 616.811 4 NOS/O 045558 0.00 08.01.2015 Book